000 01179nam a2200313 i 4500
003 EG-GICUC
005 20260121101350.0
008 251126s1988 ua ||||fr|||| 00| 0 ara d
040 _a EG-GICUC
_bara
_c EG-GICUC
_d EG-GICUC
_erda
041 0 _aara
082 0 4 _221
_a345.201
_bع ب . ن
092 0 4 _221
099 _aLaw1 07 345.201 ع ب . ن 1988
100 0 _aعبد الغفور يونس
_eمؤلف.
245 1 0 _aنظريات التنظيم والإدارة /
_cعبد الغفور يونس.
264 1 _aالإسكندرية :
_bالمكتب المصري الحديث،
_c1988.
300 _a413 ؛صفحة
_c24 سم.
336 _2rda content
_atext
337 _2rda media
_aComputer
338 _2rda carrier
_aOnline Resource
504 _aيشتمل على إرجاعات ببلبوجرافية.
546 _aالنص أغلبه باللغة العربية مع بعض النصوص الإنجليزية
650 1 4 _aفلسفة ونظريات
650 1 4 _aالتنظيم الإداري
650 1 4 _aالقانون الإداري
856 4 0 _uhttps://fll.law.cu.edu.eg/fulltext/bks/B07-01120.pdf
905 _a32
_eYara
942 _2ddc
_cBK
_e21
_n0
999 _c46355
_d46355